| 000 | 00710nam a2200229 a 4500 | ||
|---|---|---|---|
| 003 | MX-MxUPN | ||
| 005 | 20240808154718.0 | ||
| 008 | 240617t2010 mx a||||r|||| 000 0 spa d | ||
| 020 | _a9786074981216 | ||
| 040 |
_aMX-MxUPN _bspa _cMX-MxUPN |
||
| 041 | 0 | _aspa | |
| 050 | 1 | 4 |
_aQA135.6 _bN38 2010 |
| 100 | 1 |
_aNavarro Robles, Maria Estela _952644 |
|
| 100 | 1 |
_aPreciado Babb, Armando Paulino _952645 |
|
| 245 | _aMatemáticas 2 | ||
| 260 |
_aMéxico : _bFernández Editores, _c©2010. |
||
| 300 |
_a264 páginas : _bilustraciones |
||
| 650 | 4 |
_aMatemáticas _xEstudio y enseñanza (Media superior) _96221 |
|
| 902 |
_aMarielOrtiz/170624 _bVíctor Ruiz/080824 |
||
| 942 |
_2lcc _cLIBRO |
||
| 999 |
_c211313 _d211313 |
||